Lana Del Rey - Mariners Apartment Complex Lyrics - Statistics

General Stats
  • This quiz has been taken 411 times
  • The average score is 266 of 301
Answer Stats
Answer % Correct
a
99%
my
99%
My
99%
the
99%
At
98%
at
98%
I
98%
You
98%
you
98%
Apartment
97%
can?
97%
can
97%
Complex
97%
Mariners
97%
to
97%
Your
97%
your
97%
do
96%
in
96%
too
96%
When
96%
Who
96%
who
96%
and
95%
And
95%
girl
95%
of
95%
that
95%
That
95%
am
94%
are
94%
Are
94%
just
94%
Kind
94%
Don't
93%
don't
93%
I'm
93%
man
93%
weakness
93%
is
92%
me
92%
out
92%
took
92%
where
92%
wind
92%
but
91%
context
91%
Jesus
91%
no
91%
on
91%
sadness
91%
ain't
90%
been
90%
best
90%
candle
90%
make
90%
she
90%
Take
90%
take
90%
Can't
88%
hand
88%
know
88%
lost
88%
You're
88%
you've
88%
beaches
87%
die
87%
far
87%
sea
87%
then
87%
these
87%
with
87%
wonder
87%
bitch
86%
for
86%
that's
86%
this
86%
thunder
86%
up
86%
Venice
86%
baby
85%
Baby
85%
command
85%
fucked
85%
look
85%
need
85%
time
85%
who's
85%
hard
84%
I'll
84%
lightning
84%
right
84%
believer
83%
boat
83%
I've
83%
lose
83%
way
83%
big
82%
have
82%
it
82%
it?
82%
again
81%
dark
81%
gonna
81%
kindness
81%
change
80%
people
80%
deep
79%
They
79%
mistook
78%
sweetness
78%
let
76%
whisper
76%
breath
75%
leave
75%
So
75%
her
73%
Maybe
72%
sky
71%
even
70%
from
70%
kiss
70%
save
70%
feel
69%
found
69%
All
67%
could
67%
darkness
67%
resistance
67%
see
67%
sins
67%
stand
67%
'Cause
66%
about
65%
distance
65%
ready
65%
Think
65%
things
64%
deepness
62%
burning
61%
everyone's
61%
heart
61%
Catch
57%
want
57%
yeah
57%
talking
56%
wave
55%
board
36%
No matching quizzes found
Score Distribution
Percent of People with Each Score
Percentile by Number Answered
Your Score History
You have not taken this quiz